Huanchaca: el establecimiento industrial de Playa Blanca en Antofagasta.
Guardat en:
| Autor principal: | |
|---|---|
| Format: | Llibre |
| Publicat: |
Antofagasta, Chile:
Ediciones Santos Ossa,
2009.
|
| Edició: | Primera edición |
| Matèries: | |
| Etiquetes: |
Afegir etiqueta
Sense etiquetes, Sigues el primer a etiquetar aquest registre!
|
MARC
| LEADER | 00000cam a2200000 a 4500 | ||
|---|---|---|---|
| 001 | UCC8847 | ||
| 003 | CL-VaPUC | ||
| 005 | 20241021164409.0 | ||
| 008 | 241021t2009 ||||| |||| 00| 0 eng d | ||
| 999 | |c 375096 |d 375094 | ||
| 020 | |a 956-7415-09-9 | ||
| 040 | |c Pontificia Universidad Católica de Valparaíso | ||
| 082 | 0 | 4 | |a 330.20983 AHU 2009 |2 21 |
| 100 | 0 | |a Ahumada Manchot, María Teresa |e autor |9 603580 | |
| 245 | 1 | 0 | |a Huanchaca: el establecimiento industrial de Playa Blanca en Antofagasta. |
| 250 | |a Primera edición | ||
| 260 | |a Antofagasta, Chile: |b Ediciones Santos Ossa, |c 2009. | ||
| 300 | |a 76 páginas. | ||
| 500 | |a c. Fondo Budge Donación profesor Sr. Eduardo Cavieres. 05-08-2019. Para el prof. Eduardo Cavieres, con sincero afecto. Noviembre 2009. | ||
| 583 | |a last modification |c 20190823 13:21:00 |k Rodrigo Vera | ||
| 650 | 0 | |a Industria minera |9 260256 | |
| 650 | 0 | |a Historia de la minería |2 CL-VaPUC |9 326009 |z Chile |y Siglo 20 | |
| 942 | |c BK |2 ddc | ||
| 945 | |d 20190823 13:21:00 |a dcastane | ||
| 952 | |0 0 |1 0 |3 erb |4 0 |6 330_209830000000000_AHU_2009 |7 0 |8 X |9 493985 |a FDOBUD |b FDOBUD |i 5596416 |o 330.20983 AHU 2009 |p 5596416 |r 2019-11-24 |w 2019-11-24 |y BK_X |z Catalogado en:20190823 |k BUD | ||